Countries With Highest Number of Military Personnel per Capita - Statistics

General Stats
  • This quiz has been taken 30 times
  • The average score is 13 of 20
Answer Stats
Per 1000 capita Population Answer % Correct
305.7 25,490,965 North Korea
93%
29.7 143,964,513 Russia
93%
79.5 8,191,828 Israel
89%
159.7 50,791,919 South Korea
89%
80.5 23,556,706 Taiwan
82%
27.0 44,438,625 Ukraine
82%
58.0 94,569,072 Vietnam
82%
46.8 9,480,042 Belarus
79%
87.2 5,622,455 Singapore
64%
34.1 11,183,716 Greece
61%
168.2 5,503,132 Finland
57%
88.5 3,027,398 Mongolia
57%
84.9 2,924,816 Armenia
54%
38.7 9,725,376 Azerbaijan
54%
110.4 11,475,982 Cuba
54%
27.2 1,343,098 Estonia
54%
54.8 4,954,645 Eritrea
46%
52.0 1,170,125 Cyprus
43%
29.2 8,401,739 Switzerland
39%
27.7 6,725,308 Paraguay
29%
No matching quizzes found
Score Distribution
Percent of People with Each Score
Percentile by Number Answered
Your Score History
You have not taken this quiz